000 00552nam a2200181 i 4500
001 142185
003 ES-MaACL
005 20250818174245.0
007 t|
008 071003s1948 sp ||||1| cat d
100 1 _aVillangómez Llobet, M.
_9115006
245 1 0 _aTerra i somni
_b: poesia /
_cM. Villángomez y Llobet ; [próleg de Miguel Ferrá].
260 _aPalma de Mallorca :
_bMoll,
_c1948.
300 _a96 p. ;
_c16 cm.
700 1 _aFerrà, Miquel,
_d1885-1947
_950223
852 _aES-MaACL
_jC-4950
_bR.25949
999 _c142185
_d142185